000 00465nam a2200169Ia 4500
005 20250626025444.0
008 240331s9999 xx 000 0 und d
020 _a955530009
082 _a100
_bKAL
100 _aKalansooriya, A.D.P
245 0 _aBertrand Russel saha samakalina darshanikaya
250 _a2nd
260 _aWarakapola
_bArya Publishers
_c1987
300 _a224 p .,
500 _aA book of Bertrand Russell and Contemporary Philosophy
942 _cL
999 _c689
_d689